Microcomputer programming /

Uložené v:
Podrobná bibliografia
Hlavní autori: Zaks, Rodnay (Author), Steingart, David (Author)
Médium: Kniha
Jazyk:English
Vydané: Berkeley Paris : Sybex, 1976.
Vydanie:1st ed.
ISBN: (brož.)
Fyzický popis: Nestr.
Tagy: Pridať tag
Žiadne tagy, Buďte prvý kto otaguje tento záznam!

MARC

LEADER 00000nam a2200000 4500
001 000130607
005 20100719172633.0
008 031606s1976 xxu e eng d
020 |a (brož.)  |c Kčs 2140,00 
040 |a SVKKK  |b slo  |c SVKKK  |e AACR2 
041 0 |a eng 
044 |a xxu  |c US 
100 1 |a Zaks, Rodnay  |4 aut 
245 1 0 |a Microcomputer programming /  |c Rodnay Zaks, David Steingart. 
250 |a 1st ed. 
260 |a Berkeley  |a Paris :  |b Sybex,  |c 1976. 
300 |a Nestr. 
700 1 |a Steingart, David  |4 aut 
910 |a svkkk 
998 |a BK 
090 |g SCKHL  |k Sklad Pribinova 1. posch.  |a IV.93670  |j 584833  |i 130607-10  |s Absenčne